000 00320nam a22001337a 4500
008 170824b xxu||||| |||| 00| 0 eng d
020 _a9780138141028
041 _aeng
080 _23 RD
_a51
100 _a38
101 _aMAT
245 _aDIFFRENTIAL EQUATIONS LINEAR ALGEBRA
_cEDWARDS.C.H
942 _2udc
_cBK
999 _c24849
_d24849